[Event "Portugal Open 2018"]
[Site "Lisboa POR"]
[Date "2018.02.08"]
[Round "7.1"]
[White "Demchenko, Anton"]
[Black "Repka, Christopher"]
[Result "1-0"]
[BlackElo "2513"]
[WhiteElo "2671"]
[LiveChessVersion "1.4.8"]

1. e4 {[%clk 1:30:56]} e6 {[%clk 1:30:56]} 2. d4 {[%clk 1:31:19]} d5
{[%clk 1:31:23]} 3. Nd2 {[%clk 1:31:34]} Nf6 {[%clk 1:31:49]} 4. e5
{[%clk 1:31:37]} Nfd7 {[%clk 1:32:15]} 5. c3 {[%clk 1:32:03]} c5 {[%clk 1:32:42]}
6. f4 {[%clk 1:32:20]} Nc6 {[%clk 1:33:07]} 7. Ndf3 {[%clk 1:32:31]} Qb6
{[%clk 1:33:32]} 8. g3 {[%clk 1:32:30]} f6 {[%clk 1:33:24]} 9. Bd3
{[%clk 1:31:56]} cxd4 {[%clk 1:23:38]} 10. cxd4 {[%clk 1:31:57]} Bb4+
{[%clk 1:21:28]} 11. Kf1 {[%clk 1:30:59]} Qc7 {[%clk 1:06:24]} 12. Kg2
{[%clk 1:28:36]} Nb6 {[%clk 1:06:43]} 13. Ne2 {[%clk 1:14:07]} Bd7
{[%clk 1:06:50]} 14. b3 {[%clk 1:08:50]} a5 {[%clk 1:03:43]} 15. Bd2
{[%clk 1:02:30]} Ba3 {[%clk 0:58:16]} 16. Nc3 {[%clk 0:50:24]} Na7
{[%clk 0:58:42]} 17. exf6 {[%clk 0:46:38]} gxf6 {[%clk 0:59:03]} 18. f5
{[%clk 0:46:32]} O-O-O {[%clk 0:58:20]} 19. fxe6 {[%clk 0:41:41]} Bxe6
{[%clk 0:56:36]} 20. Nb5 {[%clk 0:42:01]} Nxb5 {[%clk 0:54:21]} 21. Bxb5
{[%clk 0:42:30]} Bd7 {[%clk 0:52:50]} 22. Bxd7+ {[%clk 0:37:04]} Nxd7
{[%clk 0:51:31]} 23. Bf4 {[%clk 0:36:24]} Qc3 {[%clk 0:51:53]} 24. Rc1
{[%clk 0:33:16]} Bxc1 {[%clk 0:51:59]} 25. Qxc1 {[%clk 0:33:44]} Qc6
{[%clk 0:52:00]} 26. Qd2 {[%clk 0:30:51]} Nb6 {[%clk 0:52:15]} 27. Rc1
{[%clk 0:31:15]} Nc4 {[%clk 0:52:42]} 28. bxc4 {[%clk 0:30:50]} dxc4
{[%clk 0:53:08]} 29. Qxa5 {[%clk 0:30:03]} Rhe8 {[%clk 0:53:33]} 30. Kf2
{[%clk 0:28:16]} Rd5 {[%clk 0:49:48]} 31. Qb4 {[%clk 0:28:19]} b5
{[%clk 0:50:14]} 32. a4 {[%clk 0:27:23]} 1-0

[Event "Portugal Open 2018"]
[Site "Lisboa POR"]
[Date "2018.02.08"]
[Round "7.2"]
[White "Anurag, Mhamal"]
[Black "Indjic, Aleksandar"]
[Result "0-1"]
[BlackElo "2612"]
[WhiteElo "2476"]
[LiveChessVersion "1.4.8"]

1. c4 {[%clk 1:26:35]} c5 {[%clk 1:30:47]} 2. g3 {[%clk 1:26:35]} g6
{[%clk 1:31:09]} 3. Bg2 {[%clk 1:26:25]} Bg7 {[%clk 1:31:31]} 4. Nc3
{[%clk 1:25:32]} Nc6 {[%clk 1:31:55]} 5. Nf3 {[%clk 1:23:09]} d6 {[%clk 1:32:18]}
6. a3 {[%clk 1:21:23]} Nf6 {[%clk 1:27:43]} 7. d3 {[%clk 1:14:19]} O-O
{[%clk 1:27:49]} 8. O-O {[%clk 1:14:30]} Bf5 {[%clk 1:27:37]} 9. h3
{[%clk 1:12:25]} Qc8 {[%clk 1:25:51]} 10. Kh2 {[%clk 1:12:07]} h6
{[%clk 1:25:15]} 11. Nd5 {[%clk 1:08:07]} g5 {[%clk 1:23:36]} 12. Nxf6+
{[%clk 1:03:46]} Bxf6 {[%clk 1:22:59]} 13. Rb1 {[%clk 0:59:35]} a5
{[%clk 1:20:23]} 14. Bd2 {[%clk 0:59:36]} a4 {[%clk 1:19:33]} 15. Bc3
{[%clk 0:54:22]} Bg7 {[%clk 1:19:50]} 16. Ne1 {[%clk 0:49:18]} g4
{[%clk 1:18:54]} 17. hxg4 {[%clk 0:42:51]} Bxg4 {[%clk 1:19:14]} 18. Rh1
{[%clk 0:42:55]} Qe6 {[%clk 1:15:58]} 19. Bf3 {[%clk 0:40:50]} Bxf3
{[%clk 1:09:10]} 20. Nxf3 {[%clk 0:36:37]} f5 {[%clk 1:07:58]} 21. Kg2
{[%clk 0:32:20]} d5 {[%clk 1:04:40]} 22. Rh4 {[%clk 0:26:40]} d4 {[%clk 1:03:45]}
23. Bd2 {[%clk 0:27:07]} Nd8 {[%clk 1:04:08]} 24. e3 {[%clk 0:23:50]} Qc6
{[%clk 1:03:36]} 25. exd4 {[%clk 0:23:13]} cxd4 {[%clk 1:03:56]} 26. Qh1
{[%clk 0:23:23]} Nf7 {[%clk 1:04:11]} 27. Kg1 {[%clk 0:13:36]} e5
{[%clk 1:04:11]} 28. Re1 {[%clk 0:14:00]} Rfe8 {[%clk 1:00:17]} 29. Rh5
{[%clk 0:10:48]} Qg6 {[%clk 1:00:18]} 30. Rh2 {[%clk 0:09:56]} e4
{[%clk 0:53:45]} 31. Nh4 {[%clk 0:10:18]} Qh7 {[%clk 0:53:52]} 32. f4
{[%clk 0:10:04]} Bf6 {[%clk 0:53:15]} 33. Rhe2 {[%clk 0:09:38]} Bxh4
{[%clk 0:52:06]} 34. Qxh4 {[%clk 0:09:22]} e3 {[%clk 0:52:21]} 35. Bb4
{[%clk 0:08:47]} Ra6 {[%clk 0:51:22]} 36. Bc5 {[%clk 0:08:58]} Rd8
{[%clk 0:49:04]} 37. Qe7 {[%clk 0:06:38]} Rc6 {[%clk 0:48:22]} 38. Ba7
{[%clk 0:05:39]} b6 {[%clk 0:47:32]} 39. c5 {[%clk 0:04:49]} bxc5
{[%clk 0:46:49]} 40. Rc1 {[%clk 0:03:50]} Qg6 {[%clk 0:35:24]} 41. Rxc5
{[%clk 0:03:36]} Rdc8 {[%clk 0:35:23]} 42. Rxc6 {[%clk 0:00:33]} Rxc6
{[%clk 0:35:47]} 43. Bc5 {[%clk 0:01:00]} Rc8 {[%clk 0:31:39]} 44. g4
{[%clk 0:01:17]} Rd8 {[%clk 0:26:25]} 45. Rg2 {[%clk 0:00:32]} fxg4
{[%clk 0:26:45]} 46. Qe4 {[%clk 0:00:31]} Qxe4 {[%clk 0:25:00]} 47. Rxg4+
{[%clk 0:00:31]} Kh7 {[%clk 0:25:15]} 48. dxe4 {[%clk 0:00:57]} d3
{[%clk 0:25:37]} 49. Bxe3 {[%clk 0:01:24]} d2 {[%clk 0:26:01]} 50. Bxd2
{[%clk 0:01:53]} Rxd2 {[%clk 0:26:24]} 51. e5 {[%clk 0:01:09]} Rxb2
{[%clk 0:26:27]} 52. e6 {[%clk 0:00:36]} Nd6 {[%clk 0:26:49]} 53. f5
{[%clk 0:00:33]} Nxf5 {[%clk 0:27:11]} 54. Re4 {[%clk 0:00:32]} Rb7
{[%clk 0:26:56]} 55. Rxa4 {[%clk 0:00:43]} Kg6 {[%clk 0:27:18]} 56. Kf2
{[%clk 0:00:35]} Kf6 {[%clk 0:27:30]} 57. Kf3 {[%clk 0:00:38]} Re7
{[%clk 0:25:40]} 58. Kg4 {[%clk 0:00:39]} h5+ {[%clk 0:25:21]} 59. Kf4
{[%clk 0:00:49]} Rxe6 {[%clk 0:25:20]} 60. Ra8 {[%clk 0:00:33]} Ne7
{[%clk 0:25:31]} 61. a4 {[%clk 0:00:35]} Ng6+ {[%clk 0:23:22]} 62. Kf3
{[%clk 0:01:03]} Kg5 {[%clk 0:21:07]} 63. Rb8 {[%clk 0:01:12]} Nh4+
{[%clk 0:20:57]} 64. Kf2 {[%clk 0:01:38]} Rf6+ {[%clk 0:20:23]} 65. Ke2
{[%clk 0:00:45]} Ng6 {[%clk 0:20:41]} 66. Rb5+ {[%clk 0:00:43]} Kg4
{[%clk 0:20:57]} 67. a5 {[%clk 0:01:06]} h4 {[%clk 0:21:07]} 68. Rb6
{[%clk 0:01:13]} Nf4+ {[%clk 0:21:29]} 69. Kf2 {[%clk 0:01:09]} Rf5
{[%clk 0:21:51]} 70. Ra6 {[%clk 0:00:42]} h3 {[%clk 0:22:12]} 71. Ra8
{[%clk 0:00:34]} h2 {[%clk 0:22:28]} 0-1

[Event "Portugal Open 2018"]
[Site "Lisboa POR"]
[Date "2018.02.08"]
[Round "7.3"]
[White "Petrov, Nikita"]
[Black "Gabrielian, Artur"]
[Result "1-0"]
[BlackElo "2502"]
[WhiteElo "2573"]
[LiveChessVersion "1.4.8"]

1. Nf3 {[%clk 1:27:49]} c5 {[%clk 1:29:27]} 2. c4 {[%clk 1:28:02]} Nc6
{[%clk 1:28:50]} 3. Nc3 {[%clk 1:28:23]} e5 {[%clk 1:27:12]} 4. e3
{[%clk 1:28:30]} Nf6 {[%clk 1:26:11]} 5. d4 {[%clk 1:25:30]} e4 {[%clk 1:24:41]}
6. Ne5 {[%clk 1:25:15]} g6 {[%clk 1:22:52]} 7. Be2 {[%clk 1:19:16]} Bg7
{[%clk 1:23:08]} 8. O-O {[%clk 1:19:29]} O-O {[%clk 1:23:22]} 9. b3
{[%clk 1:01:44]} Ne7 {[%clk 1:19:45]} 10. Ng4 {[%clk 0:49:32]} Nxg4
{[%clk 1:14:29]} 11. Bxg4 {[%clk 0:49:55]} f5 {[%clk 1:08:54]} 12. Be2
{[%clk 0:49:45]} Nc6 {[%clk 1:07:32]} 13. Ba3 {[%clk 0:47:06]} d6
{[%clk 0:56:22]} 14. Nb5 {[%clk 0:36:51]} f4 {[%clk 0:31:19]} 15. dxc5
{[%clk 0:27:47]} f3 {[%clk 0:30:52]} 16. gxf3 {[%clk 0:23:23]} Bh3
{[%clk 0:17:42]} 17. Qd5+ {[%clk 0:21:49]} Kh8 {[%clk 0:16:27]} 18. f4
{[%clk 0:19:30]} Bxf1 {[%clk 0:09:43]} 19. Rxf1 {[%clk 0:19:47]} dxc5
{[%clk 0:09:04]} 20. Nd6 {[%clk 0:16:08]} Qc7 {[%clk 0:08:15]} 21. Bxc5
{[%clk 0:13:02]} Rad8 {[%clk 0:07:24]} 22. Ba3 {[%clk 0:11:58]} Rf5
{[%clk 0:04:34]} 23. Qe6 {[%clk 0:10:47]} Rf6 {[%clk 0:02:55]} 24. Ne8
{[%clk 0:11:04]} Rxe6 {[%clk 0:03:01]} 25. Nxc7 {[%clk 0:11:29]} Rf6
{[%clk 0:03:26]} 26. Bb2 {[%clk 0:09:14]} Rd2 {[%clk 0:01:25]} 27. Bxf6
{[%clk 0:09:21]} Bxf6 {[%clk 0:01:50]} 28. Bg4 {[%clk 0:09:00]} Rxa2
{[%clk 0:01:53]} 29. Nd5 {[%clk 0:06:56]} Bg7 {[%clk 0:01:58]} 30. Rb1
{[%clk 0:04:26]} b6 {[%clk 0:00:36]} 31. b4 {[%clk 0:02:13]} Rc2 {[%clk 0:00:36]}
32. Bd1 {[%clk 0:02:05]} Rd2 {[%clk 0:00:35]} 33. Ba4 {[%clk 0:02:14]} Nd8
{[%clk 0:00:33]} 34. Rd1 {[%clk 0:01:53]} Rxd1+ {[%clk 0:00:33]} 35. Bxd1
{[%clk 0:02:20]} Nc6 {[%clk 0:00:38]} 36. Bc2 {[%clk 0:01:55]} Bf8
{[%clk 0:00:49]} 37. b5 {[%clk 0:01:54]} Na5 {[%clk 0:01:15]} 38. Bxe4
{[%clk 0:02:10]} Nxc4 {[%clk 0:01:42]} 39. Bd3 {[%clk 0:02:17]} Nb2
{[%clk 0:01:46]} 40. Be2 {[%clk 0:02:40]} Na4 {[%clk 0:01:41]} 41. Kg2
{[%clk 0:02:29]} Kg7 {[%clk 0:01:51]} 42. e4 {[%clk 0:01:55]} Nc5
{[%clk 0:02:02]} 43. e5 {[%clk 0:01:49]} Ne6 {[%clk 0:02:16]} 44. Bg4
{[%clk 0:02:03]} Kf7 {[%clk 0:01:54]} 45. f5 {[%clk 0:02:17]} gxf5
{[%clk 0:02:14]} 46. Bxf5 {[%clk 0:02:45]} Nd4 {[%clk 0:02:33]} 47. Bd7
{[%clk 0:02:51]} Bc5 {[%clk 0:01:02]} 48. f4 {[%clk 0:02:56]} Kg6
{[%clk 0:01:24]} 49. h4 {[%clk 0:02:02]} h5 {[%clk 0:00:51]} 50. f5+
{[%clk 0:02:17]} 1-0

[Event "Portugal Open 2018"]
[Site "Lisboa POR"]
[Date "2018.02.08"]
[Round "7.4"]
[White "Korneev, Oleg"]
[Black "Nagy, Gabor"]
[Result "1/2-1/2"]
[BlackElo "2469"]
[WhiteElo "2554"]
[LiveChessVersion "1.4.8"]

1. d4 {[%clk 1:26:12]} Nf6 {[%clk 1:30:31]} 2. Nf3 {[%clk 1:26:40]} g6
{[%clk 1:30:18]} 3. Bf4 {[%clk 1:19:08]} Bg7 {[%clk 1:30:19]} 4. e3
{[%clk 1:19:36]} d6 {[%clk 1:29:03]} 5. h3 {[%clk 1:20:04]} O-O {[%clk 1:29:02]}
6. Be2 {[%clk 1:20:31]} Nfd7 {[%clk 1:29:11]} 7. O-O {[%clk 1:20:54]} e5
{[%clk 1:29:10]} 8. Bh2 {[%clk 1:21:21]} Nc6 {[%clk 1:29:02]} 9. a4
{[%clk 1:20:07]} f5 {[%clk 1:25:59]} 10. c3 {[%clk 1:19:28]} e4 {[%clk 1:24:41]}
11. Nfd2 {[%clk 1:19:23]} Nf6 {[%clk 1:24:51]} 12. b4 {[%clk 1:19:41]} Ne7
{[%clk 1:24:55]} 13. c4 {[%clk 1:11:18]} g5 {[%clk 1:24:24]} 14. Nc3
{[%clk 1:10:57]} Ng6 {[%clk 1:23:00]} 15. a5 {[%clk 0:56:35]} Qe7
{[%clk 1:18:57]} 16. b5 {[%clk 0:38:30]} f4 {[%clk 1:12:59]} 17. Kh1
{[%clk 0:32:34]} Bf5 {[%clk 1:08:28]} 18. Nd5 {[%clk 0:20:27]} 1/2-1/2

[Event "Portugal Open 2018"]
[Site "Lisboa POR"]
[Date "2018.02.08"]
[Round "7.5"]
[White "To, Nhat Minh"]
[Black "Kanarek, Marcel"]
[Result "1/2-1/2"]
[BlackElo "2512"]
[WhiteElo "2338"]
[LiveChessVersion "1.4.8"]

1. d4 {[%clk 1:30:40]} Nf6 {[%clk 1:30:52]} 2. c4 {[%clk 1:30:39]} g6
{[%clk 1:30:36]} 3. Nc3 {[%clk 1:30:28]} Bg7 {[%clk 1:30:57]} 4. e4
{[%clk 1:30:17]} d6 {[%clk 1:31:16]} 5. Nf3 {[%clk 1:30:34]} O-O {[%clk 1:31:25]}
6. h3 {[%clk 1:30:48]} e5 7. d5 Nh5 {[%clk 1:30:37]} 8. g3 {[%clk 1:30:38]} f5
{[%clk 1:29:17]} 9. exf5 {[%clk 1:30:56]} gxf5 {[%clk 1:29:38]} 10. Ng5
{[%clk 1:31:04]} Qe8 {[%clk 1:28:23]} 11. Rg1 {[%clk 1:30:32]} Na6
{[%clk 1:23:18]} 12. Qe2 {[%clk 1:20:09]} Nf6 {[%clk 0:53:22]} 13. g4 Kh8
{[%clk 0:36:06]} 14. gxf5 {[%clk 1:06:43]} Bxf5 {[%clk 0:36:34]} 15. Be3
{[%clk 1:06:27]} c6 {[%clk 0:22:43]} 16. O-O-O {[%clk 0:57:44]} cxd5
{[%clk 0:22:25]} 17. cxd5 {[%clk 0:57:56]} Rc8 {[%clk 0:18:48]} 18. Qf3
{[%clk 0:46:55]} Nh5 {[%clk 0:11:41]} 19. Nge4 {[%clk 0:27:06]} Bg6
{[%clk 0:09:01]} 20. Qg4 {[%clk 0:24:36]} Nf4 {[%clk 0:06:50]} 21. Kd2
{[%clk 0:16:40]} Qe7 {[%clk 0:03:43]} 22. Bxf4 {[%clk 0:11:10]} exf4
{[%clk 0:03:54]} 23. Qe6 {[%clk 0:11:31]} Qxe6 {[%clk 0:01:04]} 24. dxe6
{[%clk 0:11:59]} d5 {[%clk 0:00:41]} 25. e7 {[%clk 0:09:51]} dxe4
{[%clk 0:00:34]} 26. exf8=Q+ {[%clk 0:09:58]} Rxf8 {[%clk 0:01:00]} 27. Bxa6
{[%clk 0:07:44]} bxa6 {[%clk 0:01:19]} 28. Ke1 {[%clk 0:02:53]} f3
{[%clk 0:00:50]} 29. Rg4 {[%clk 0:02:04]} Bf5 {[%clk 0:00:40]} 30. Rf4
{[%clk 0:01:11]} Be5 {[%clk 0:00:38]} 31. Rh4 {[%clk 0:01:08]} e3
{[%clk 0:00:49]} 32. Rd5 {[%clk 0:00:47]} Bc7 {[%clk 0:00:34]} 33. Rc4
{[%clk 0:00:32]} Bg3 {[%clk 0:00:39]} 34. Nd1 {[%clk 0:00:32]} Re8
{[%clk 0:00:33]} 35. Nxe3 {[%clk 0:00:37]} Rxe3+ {[%clk 0:00:56]} 36. Kd1
{[%clk 0:00:56]} Be6 {[%clk 0:00:35]} 37. Rd8+ {[%clk 0:01:11]} Kg7
{[%clk 0:01:03]} 38. Rc2 {[%clk 0:01:01]} Bf5 {[%clk 0:00:35]} 39. fxe3
{[%clk 0:00:33]} f2 {[%clk 0:00:41]} 40. Rxf2 {[%clk 0:00:43]} Bxf2
{[%clk 0:01:08]} 41. Ke2 {[%clk 0:00:49]} Bg1 {[%clk 0:00:35]} 42. Ra8
{[%clk 0:00:36]} Bxh3 {[%clk 0:00:44]} 43. Rxa7+ {[%clk 0:01:05]} Kg6
{[%clk 0:01:05]} 44. Rxa6+ {[%clk 0:01:30]} Kg5 {[%clk 0:01:19]} 45. a4
{[%clk 0:00:36]} Bg4+ {[%clk 0:01:35]} 46. Kf1 {[%clk 0:00:39]} Bxe3
{[%clk 0:02:00]} 47. Kg2 {[%clk 0:00:38]} h5 {[%clk 0:02:01]} 48. Ra8
{[%clk 0:00:41]} h4 {[%clk 0:00:46]} 49. Rg8+ {[%clk 0:00:43]} Kf5
{[%clk 0:00:46]} 50. Rxg4 {[%clk 0:00:36]} Kxg4 {[%clk 0:01:13]} 51. b4
{[%clk 0:00:43]} Bd2 {[%clk 0:01:36]} 52. a5 {[%clk 0:00:59]} Bxb4
{[%clk 0:02:00]} 53. a6 {[%clk 0:01:25]} Bc5 {[%clk 0:02:24]} 54. a7
{[%clk 0:01:42]} Bxa7 {[%clk 0:02:52]} 55. Kh2 {[%clk 0:02:05]} 1/2-1/2

[Event "Portugal Open 2018"]
[Site "Lisboa POR"]
[Date "2018.02.08"]
[Round "7.6"]
[White "Arizmendi Martinez, Julen Luis"]
[Black "Jobava, Baadur"]
[Result "0-1"]
[BlackElo "2685"]
[WhiteElo "2508"]
[LiveChessVersion "1.4.8"]

1. e4 {[%clk 1:28:43]} c6 {[%clk 1:27:27]} 2. d4 {[%clk 1:28:22]} d5
{[%clk 1:27:52]} 3. Nd2 {[%clk 1:28:38]} dxe4 {[%clk 1:28:14]} 4. Nxe4
{[%clk 1:29:04]} Nf6 {[%clk 1:28:26]} 5. Nxf6+ {[%clk 1:29:06]} exf6
{[%clk 1:28:51]} 6. c3 {[%clk 1:28:39]} Bd6 {[%clk 1:29:05]} 7. Bd3
{[%clk 1:28:37]} O-O {[%clk 1:29:26]} 8. Qc2 {[%clk 1:28:23]} Re8+
{[%clk 1:29:40]} 9. Ne2 {[%clk 1:28:38]} g6 {[%clk 1:30:04]} 10. h4
{[%clk 1:22:01]} Nd7 {[%clk 1:26:44]} 11. h5 {[%clk 1:16:15]} Nf8
{[%clk 1:27:04]} 12. hxg6 {[%clk 1:12:00]} fxg6 {[%clk 1:23:25]} 13. Bh6
{[%clk 0:47:07]} Be6 {[%clk 1:19:53]} 14. O-O-O {[%clk 0:39:38]} Bf7
{[%clk 1:18:11]} 15. Kb1 {[%clk 0:38:28]} Ne6 {[%clk 1:11:55]} 16. Rh3
{[%clk 0:35:55]} f5 {[%clk 1:11:43]} 17. Bc4 {[%clk 0:21:34]} Qf6
{[%clk 1:11:14]} 18. f4 {[%clk 0:19:49]} Re7 {[%clk 1:10:26]} 19. d5
{[%clk 0:17:26]} cxd5 {[%clk 1:10:49]} 20. Bxd5 {[%clk 0:17:50]} Rae8
{[%clk 1:10:18]} 21. Re3 {[%clk 0:05:59]} Bc7 {[%clk 1:06:58]} 22. g3
{[%clk 0:06:00]} Nc5 {[%clk 1:04:27]} 23. Bg5 {[%clk 0:02:20]} Qxg5
{[%clk 1:02:49]} 24. Bxf7+ {[%clk 0:02:08]} Kxf7 {[%clk 1:03:13]} 25. fxg5
{[%clk 0:02:32]} Rxe3 {[%clk 1:03:39]} 26. Nd4 {[%clk 0:02:15]} Bxg3
{[%clk 1:01:32]} 27. Qg2 {[%clk 0:00:47]} Rd8 {[%clk 1:00:31]} 28. Rh1
{[%clk 0:00:34]} Be5 {[%clk 0:59:15]} 29. Nf3 {[%clk 0:00:34]} Bg7
{[%clk 0:58:18]} 30. a3 {[%clk 0:00:38]} Ne4 {[%clk 0:58:10]} 31. Nd4
{[%clk 0:00:34]} Rd6 {[%clk 0:53:27]} 32. Qc2 {[%clk 0:00:43]} Rb6
{[%clk 0:53:36]} 33. Ka2 {[%clk 0:00:46]} Nxg5 {[%clk 0:50:37]} 34. Qa4
{[%clk 0:01:06]} Bxd4 {[%clk 0:49:34]} 35. Qxd4 {[%clk 0:01:27]} Re4
{[%clk 0:45:23]} 36. Qd2 {[%clk 0:00:53]} Ne6 {[%clk 0:43:31]} 37. Rxh7+
{[%clk 0:01:21]} Kf6 {[%clk 0:43:55]} 38. Rd7 {[%clk 0:00:52]} f4
{[%clk 0:44:02]} 39. Qd3 {[%clk 0:00:34]} Nc5 {[%clk 0:43:48]} 40. Qd5
{[%clk 0:00:38]} Nxd7 {[%clk 0:44:07]} 41. Qxe4 {[%clk 0:00:57]} g5
{[%clk 0:44:33]} 42. c4 {[%clk 0:01:01]} Rc6 {[%clk 0:44:03]} 43. b4
{[%clk 0:01:08]} Ne5 {[%clk 0:44:03]} 44. c5 {[%clk 0:01:25]} f3 {[%clk 0:44:20]}
45. Qd4 {[%clk 0:01:15]} Kf5 {[%clk 0:44:32]} 46. b5 {[%clk 0:01:10]} Re6
{[%clk 0:43:25]} 47. a4 {[%clk 0:01:17]} g4 {[%clk 0:43:50]} 48. a5
{[%clk 0:00:58]} g3 {[%clk 0:44:00]} 49. c6 {[%clk 0:00:45]} bxc6
{[%clk 0:44:10]} 50. b6 {[%clk 0:00:34]} axb6 {[%clk 0:44:33]} 51. axb6
{[%clk 0:00:59]} f2 {[%clk 0:43:06]} 52. b7 {[%clk 0:01:16]} c5 {[%clk 0:43:32]}
53. Qa4 {[%clk 0:00:34]} Rb6 {[%clk 0:42:52]} 54. Qc2+ {[%clk 0:00:36]} Ke6
{[%clk 0:39:46]} 0-1

[Event "Portugal Open 2018"]
[Site "Lisboa POR"]
[Date "2018.02.08"]
[Round "7.7"]
[White "Gomez Ledo, Roberto Carlos"]
[Black "Ghamarian, Tigran"]
[Result "0-1"]
[BlackElo "2622"]
[WhiteElo "2442"]
[LiveChessVersion "1.4.8"]

1. d4 {[%clk 1:30:33]} Nf6 {[%clk 1:29:21]} 2. Nf3 {[%clk 1:30:26]} b6
{[%clk 1:29:45]} 3. Bf4 {[%clk 1:29:39]} Bb7 {[%clk 1:29:52]} 4. e3
{[%clk 1:29:31]} Nh5 {[%clk 1:29:37]} 5. Bg3 {[%clk 1:28:15]} Nxg3
{[%clk 1:27:54]} 6. hxg3 {[%clk 1:28:36]} g6 {[%clk 1:27:21]} 7. Nbd2
{[%clk 1:24:03]} Bg7 {[%clk 1:26:57]} 8. Bd3 {[%clk 1:24:19]} d6 {[%clk 1:24:22]}
9. Qe2 {[%clk 1:21:26]} e6 {[%clk 1:21:27]} 10. Bb5+ {[%clk 1:14:18]} c6
{[%clk 1:19:21]} 11. Bd3 {[%clk 1:14:40]} Qe7 {[%clk 1:19:36]} 12. c3
{[%clk 1:11:33]} O-O {[%clk 1:13:58]} 13. O-O {[%clk 1:03:30]} c5
{[%clk 1:03:37]} 14. Rfe1 {[%clk 1:00:58]} Rd8 {[%clk 0:57:11]} 15. Rab1
{[%clk 0:48:19]} Rc8 {[%clk 0:53:14]} 16. Rbd1 {[%clk 0:45:17]} Rc7
{[%clk 0:52:04]} 17. Rb1 {[%clk 0:43:27]} Qd8 {[%clk 0:43:37]} 18. Rbd1
{[%clk 0:40:56]} Qe7 {[%clk 0:40:28]} 19. Rb1 {[%clk 0:41:05]} Nd7
{[%clk 0:38:51]} 20. Ba6 {[%clk 0:39:50]} Bc6 {[%clk 0:39:17]} 21. Bb5
{[%clk 0:39:02]} Bb7 {[%clk 0:39:41]} 22. Ba6 {[%clk 0:39:23]} Bc6
{[%clk 0:40:05]} 23. Bb5 {[%clk 0:39:43]} Bd5 {[%clk 0:40:12]} 24. e4
{[%clk 0:32:30]} Bb7 {[%clk 0:40:12]} 25. Ba6 {[%clk 0:32:42]} Bxa6
{[%clk 0:39:21]} 26. Qxa6 {[%clk 0:32:59]} cxd4 {[%clk 0:39:43]} 27. cxd4
{[%clk 0:33:15]} Rac8 {[%clk 0:40:07]} 28. Nb3 {[%clk 0:31:17]} Bh6
{[%clk 0:36:56]} 29. g4 {[%clk 0:30:19]} Nb8 {[%clk 0:35:39]} 30. Qb5
{[%clk 0:28:53]} Qd8 {[%clk 0:35:19]} 31. g5 {[%clk 0:27:22]} Bf8
{[%clk 0:35:38]} 32. d5 {[%clk 0:27:27]} e5 {[%clk 0:35:45]} 33. Rbc1
{[%clk 0:26:52]} Be7 {[%clk 0:32:50]} 34. Rxc7 {[%clk 0:26:58]} Rxc7
{[%clk 0:33:19]} 35. Rc1 {[%clk 0:24:47]} Rxc1+ {[%clk 0:33:27]} 36. Nxc1
{[%clk 0:25:16]} Bxg5 {[%clk 0:33:31]} 37. Nd3 a6 {[%clk 0:32:22]} 38. Qc4
{[%clk 0:23:57]} b5 {[%clk 0:31:11]} 39. Qc3 {[%clk 0:23:21]} Be7
{[%clk 0:25:38]} 40. Nb4 {[%clk 0:23:45]} Bf8 {[%clk 0:23:02]} 41. Nc6
{[%clk 0:22:11]} Qb6 {[%clk 0:22:08]} 42. Nxb8 {[%clk 0:22:28]} Qxb8
{[%clk 0:22:36]} 43. b4 {[%clk 0:22:51]} Qa7 {[%clk 0:21:00]} 44. a3
{[%clk 0:23:15]} Be7 {[%clk 0:20:50]} 45. Qc6 {[%clk 0:23:37]} Kg7
{[%clk 0:21:13]} 46. g4 {[%clk 0:17:33]} h6 {[%clk 0:21:38]} 47. Kg2
{[%clk 0:17:50]} Bf8 {[%clk 0:20:48]} 48. Kg3 {[%clk 0:16:45]} Qe7
{[%clk 0:20:40]} 49. Kg2 {[%clk 0:16:31]} Qf6 {[%clk 0:20:34]} 50. Qc1
{[%clk 0:13:38]} Be7 {[%clk 0:20:58]} 51. Ng1 {[%clk 0:05:50]} Qh4
{[%clk 0:20:42]} 52. Qd1 {[%clk 0:03:58]} Bd8 {[%clk 0:19:40]} 53. Qf3
{[%clk 0:03:19]} Bb6 {[%clk 0:20:00]} 54. Ne2 {[%clk 0:03:44]} Qg5
{[%clk 0:20:25]} 55. Kh3 {[%clk 0:01:59]} Ba7 {[%clk 0:20:26]} 56. Kh2
{[%clk 0:02:07]} Qh4+ {[%clk 0:20:16]} 57. Kg2 {[%clk 0:02:32]} Bb6
{[%clk 0:20:42]} 58. Ng3 {[%clk 0:02:44]} Qg5 {[%clk 0:21:02]} 59. Ne2
{[%clk 0:03:11]} h5 {[%clk 0:21:23]} 60. Kh3 {[%clk 0:01:58]} hxg4+
{[%clk 0:21:17]} 61. Qxg4 {[%clk 0:02:26]} Qxg4+ {[%clk 0:21:24]} 62. Kxg4
{[%clk 0:02:55]} Bxf2 {[%clk 0:21:51]} 63. Nc1 {[%clk 0:03:08]} Bd4
{[%clk 0:21:52]} 64. Nb3 {[%clk 0:02:29]} Bb2 {[%clk 0:20:43]} 65. Nc5
{[%clk 0:01:45]} dxc5 {[%clk 0:20:38]} 66. d6 {[%clk 0:02:12]} Kf6
{[%clk 0:20:52]} 0-1